000 00559nam a2200217Ia 4500
005 20241129120046.0
008 241129s9999||||xx |||||||||||||| ||und||
020 _a9788178246611
037 _aTB
040 _aSDCL
_beng
_cSDCL
041 _aeng
_2eng
084 _aW6x, R2
_qSDCL
100 _aBilgrami Akeel
245 0 _aCapital, culture, and the commons
260 _aNew Delhi
_bPermanent Black
_c2022
300 _a107p.
365 _aINR
_b395
650 _aPolitical Science
942 _cTB
_hW6x, R2
999 _c1233167
_d1233167